| 000 | 00858cab a2200181 4500 | ||
|---|---|---|---|
| 001 | ##L131104 | ||
| 008 | 050929n2005 000 0 eng u | ||
| 035 | _a(Sirsi) u131104 | ||
| 041 | 0 | _aeng | |
| 245 | 0 | 0 | _aNew oil storage regulations in force |
| 260 | _c2005 | ||
| 490 | 0 |
_aFacilities Management _v12(12) September 2005, 6(1) |
|
| 520 | _aStrict antipollution requirements came into force from 1 September 2005, affecting anyone who stores more than 200 litres of oil in outside tanks or containers. Fines of up to £20 000 can be imposed on those failing to comply with the new requirements. The article lists the recommendations made by the Environment Agency and Oil Care Campaign. | ||
| 590 | _aIKA111005 | ||
| 650 | 2 | 4 | _aCONTROL OF POLLUTION (OIL STORAGE) (ENGLAND) REGULATIONS 2001 |
| 690 | _aENVIRONMENTAL AND LAND CONSULTANCY | ||
| 942 | _n0 | ||
| 999 |
_c75943 _d75943 |
||